Name Every Grow A Garden Plant - Statistics

General Stats
  • This quiz has been taken 572 times
    96 since last reset
  • The average score is 47 of 200
Answer Stats
Obtainable By: Plant % Correct
Main Stock - Shop Carrot
88%
Main Stock - Shop Strawberry
81%
Main Stock - Shop Blueberry
80%
Main Stock - Shop Apple
59%
Main Stock - Shop Coconut
59%
Main Stock - Shop Orange Tulip
59%
Main Stock - Shop Tomato
59%
Main Stock - Shop Beanstalk
58%
Main Stock - Shop Mango
58%
Main Stock - Shop Watermelon
58%
Main Stock - Shop Dragon Fruit
56%
Main Stock - Shop Pepper
56%
Main Stock - Shop Romanesco
56%
Easter Shop Candy Blossom
54%
Main Stock - Shop Daffodil
54%
Main Stock - Shop Elder Strawberry
54%
Main Stock - Shop Ember Lily
54%
Main Stock - Shop Grape
54%
Main Stock - Shop Sugar Apple
54%
Main Stock - Shop Bamboo
53%
Main Stock - Shop Giant Pinecone
53%
Main Stock - Shop Corn
51%
Dino Quest Bone Blossom
49%
Main Stock - Shop Burning Bud
49%
Main Stock - Shop Cacao
49%
Main Stock - Shop Mushroom
49%
Main Stock - Shop Pumpkin
49%
Flower Seed Pack Sunflower
44%
Main Stock - Shop Cactus
42%
Friendship Stock - Shop Broccoli
41%
Summer Shop Cauliflower
39%
Friendship Stock - Shop Cocomango
39%
Easter Shop Chocolate Carrot
37%
Friendship Stock - Shop Potato
37%
Summer Shop Green Apple
36%
Fall Festival Shop Maple Resin
36%
Twilight Shop Moon Mango
36%
Normal Seed Pack Peach
36%
Normal Seed Pack/Summer Shop Pineapple
36%
Flower Seed Pack Rose
36%
Exotic Seed Pack/Summer Shop Banana
34%
Strawberry Seed Robux Purchase Cherry Blossom
34%
Night Seed Pack Moon Blossom
34%
Gourmet Seed Pack Grand Tomato
32%
Friendship Stock - Shop Brussels Sprout
31%
Tomato Seed Robux Purchase Lemon
31%
Blood Moon Shop Moon Melon
31%
Normal Seed Pack Raspberry
31%
Gourmet Seed Pack Onion
29%
Summer Shop Rafflesia
29%
Summer Shop Feijoa
27%
Summer Shop Kiwi
27%
4th Of July Shop Firework Flower
25%
Night Seed Pack Glowshroom
25%
Flower Seed Pack Lilac
25%
Summer Seed Pack Pear
25%
Summer Shop Prickly Pear
25%
Easter Shop Red Lollipop
25%
Fall Festival Shop Turnip
25%
Summer Shop Avocado
24%
Premium Seed Pack Durian
24%
Summer Seed Pack Elephant Ears
24%
Fall Seed Pack Firewell
24%
Golden Goose Golden Egg
24%
Blood Moon Shop Blood Banana
22%
Premium Seed Pack Cranberry
22%
Premium Seed Pack Eggplant
22%
Summer Shop Loquat
22%
Queen Bee Shop Nectarine
22%
Summer Shop Pitcher Plant
22%
Premium Seed Pack Venus Fly Trap
22%
Enchanted Seed Pack Wispwing
22%
Summer Shop Bell Pepper
20%
Crafters Seed Pack Dragon Pepper
20%
Easter Shop Easter Egg
20%
Flower Seed Pack Foxglove
20%
Culinarian Chest King Cabbage
20%
Summer Harvest Shop Lily of the Valley
20%
Premium Seed Pack Lotus
20%
Fall Festival Shop Meyer Lemon
20%
Sprout Seed Pack Princess Thorn
20%
Flower Seed Pack Purple Dahlia
20%
Kitsune Chest Tranquil Bloom
20%
Fall Seed Pack Autumn Shroom
19%
Crafters Seed Pack Cocovine
19%
Crafters Seed Pack Crocus
19%
Ancient Seed Pack Fossilight
19%
Fall Festival Shop Golden Peach
19%
Queen Bee Shop Hive Fruit
19%
Crafting Station 1 Honeysuckle
19%
Ancient Seed Pack Horned Dinoshroom
19%
4th Of July Shop Liberty Lily
19%
Goliath's Goods Main Shop Mandrake
19%
Night Seed Pack Mint
19%
Crafting Station 1 Nectar Thorn
19%
Ancient Seed Pack Stonebite
19%
Summer Seed Pack Wild Carrot
19%
Zen Seed Pack Zen Rocks
19%
Ancient Seed Pack Boneboo
17%
Easter Shop Candy Sunflower
17%
Twilight Shop Celestiberry
17%
Summer Harvest Shop Delphinium
17%
Sprout Seed Pack Duskpuff
17%
Sprout Seed Pack Flare Daisy
17%
Frozen Ice King Weather Frostspike
17%
Admin Abuse w/ Travis Kelce Fruitball
17%
Gourmet Seed Pack Jalapeno
17%
Fall Festival Shop Kniphofia
17%
Queen Bee Shop Lavender
17%
Queen Bee Shop Nectarshade
17%
Night Seed Pack Nightshade
17%
Exotic Seed Pack Papaya
17%
Fall Festival Shop Parsley
17%
Flower Seed Pack Pink Lily
17%
Sprout Seed Pack Poseidon Plant
17%
Culinarian Chest Rhubarb
17%
Gourmet Seed Pack Sugarglaze
17%
Crafters Seed Pack Bendboo
15%
Enchanted Seed Pack Briar Rose
15%
Connoisseur Food Reviews Butternut Squash
15%
Fall Festival Shop Carnival Pumpkin
15%
Exotic Seed Pack Cursed Fruit
15%
Skyroot Chest Cyclamen
15%
Fall Seed Pack Fall Berry
15%
Enchanted Seed Pack Glowthorn
15%
Crafting Station 3 Lingonberry
15%
Ascension before Overhaul Reward Mangrove
15%
Zen Seed Pack Maple Apple
15%
Gardener Seed Pack Radish
15%
Zen Shop Sakura Bush
15%
Night Seed Pack Starfruit
15%
Gourmet Seed Pack Tall Asparagus
15%
Fall Seed Pack Torchflare
15%
Gardener Seed Pack Urchin Plant
15%
Crafting Station 2 Aloe Vera
14%
Goliath's Goods Main Shop Amberheart
14%
Cooking Quest Artichoke
14%
Culinarian Chest Badlands Pepper
14%
Gardener Seed Pack Blue Raspberry
14%
Crafting Station 1 Dandelion
14%
Enchanted Seed Pack Lightshoot
14%
Night Seed Pack Moonglow
14%
Ancient Seed Pack Paradise Petal
14%
Exotic Seed Pack Passionfruit
14%
Crafting Station 2 Peace Lily
14%
Exotic Seed Pack Soul Fruit
14%
Fall Seed Pack Speargrass
14%
Enchanted Seed Pack Sunbulb
14%
Summer Harvest Shop Traveler's Fruit
14%
Crafting Station 5 Willowberry
14%
Zen Shop Zenflare
14%
Crafting Station 3 Amber Spine
12%
Fall Seed Pack Auburn Pine
12%
Fairy Favors Fairy Event Aurora Vine
12%
Skyroot Chest Calla Lily
12%
Goliath's Goods Main Shop Canary Melon
12%
Summer Seed Pack Cantaloupe
12%
Kitsune Chest Dezen
12%
Enchanted Chest Emerald Bud
12%
Ancient Seed Pack Firefly Fern
12%
Sprout Seed Pack Gleamroot
12%
Crafting Station 1 Manuka Flower
12%
Summer Seed Pack Rosy Delight
12%
Zen Seed Pack Serenity
12%
Zen Shop Spiked Mango
12%
Crafting Station 1 Suncoil
12%
Crafting Station 4 Veinpetal
12%
Crafters Seed Pack Violet Corn
12%
Gardener Seed Pack Ackee
10%
Enchanted Chest Aetherfruit
10%
Gourmet Seed Pack Crown Melon
10%
Goliath's Goods Friendship Shop Flare Melon
10%
Goliath's Goods Friendship Shop Glowpod
10%
Crafting Station 3 Grand Volcania
10%
Gardener Seed Pack Horned Melon
10%
Kitsune Chest Lucky Bamboo
10%
Sprout Seed Pack Mangosteen
10%
Night Seed Pack Moonflower
10%
Connoisseur Food Reviews Spring Onion
10%
Crafters Seed Pack Succulent
10%
Cooking Quest Taco Fern
10%
Zen Seed Pack Taro Flower
10%
Crafting Station 4 Twisted Tangle
10%
Crafting Station 1 Bee Balm
8%
Connoisseur Food Reviews Bitter Melon
8%
Crafting Station 2 Guanabana
8%
Zen Seed Pack Hinomai
8%
Crafting Station 3 Horsetail
8%
Crafting Station 1 Lumira
8%
Zen Seed Pack Monoblooma
8%
Summer Seed Pack Parasol Flower
8%
Fairy Fares Shop Pixie Faern
8%
Connoisseur Food Reviews Pricklefruit
8%
Enchanted Chest Pyracantha
8%
Admin War Abuse Snaparino Beanarini
8%
Enchanted Seed Pack Spirit Flower
8%
Skyroot Chest Crown Of Thorns
7%
Corrupted Tree Enkaku
7%
Zen Shop Soft Sunshine
7%
Fairy Fares Shop Untold Bell
7%
No matching quizzes found
Score Distribution
Percent of People with Each Score
Percentile by Number Answered
Your Score History
You have not taken this quiz since the last reset